000
00365nam a2200169Ia 4500
003
0100
008
130303s9999 xx 000 0 und d
040
_c
ARRUPELIB
050
_a
JC153.L8 1967
100
_a
Locke, John
245
_a
Two Tracts on Government
260
_a
Cambridge
260
_b
Cambridge UP
260
_C
1967
300
_a
265p
942
0
0
_0
1
999
_c
37761
_d
37761